Statistics for One Sea Two Countries

Click here to take the quiz!

General Stats

  • This quiz has been taken 58 times
  • The average score is 16 of 18

Answer Stats

Country% Correct
Ireland
100%
Norway
100%
United Kingdom
100%
Russia
98%
Australia
95%
Greenland
95%
Iceland
95%
New Zealand
95%
United States
95%
Greece
90%
Turkey
88%
Italy
84%
Solomon Islands
81%
France
79%
Indonesia
74%
Ukraine
71%
Papua New Guinea
69%
East Timor
64%

Score Distribution

Percentile by Number Answered

Percent of People with Each Score

Your Score History

You have not taken this quiz